Thử tìm hiểu ảnh hưởng của luật " Người cày có ruộng " vào nền hành chính địa phương [ của Việt Nam Cộng Hòa ]
Zapisane w:
| 1. autor: | |
|---|---|
| Format: | Książka |
| Język: | Undetermined |
| Etykiety: |
Dodaj etykietę
Nie ma etykietki, Dołącz pierwszą etykiete!
|
| Thư viện lưu trữ: | Trung tâm Học liệu Trường Đại học Cần Thơ |
|---|
| LEADER | 00549nam a2200133Ia 4500 | ||
|---|---|---|---|
| 001 | CTU_26451 | ||
| 008 | 210402s9999 xx 000 0 und d | ||
| 082 | |a 342 | ||
| 082 | |b Th400 | ||
| 100 | |a Nguyễn Phú Thọ | ||
| 245 | 0 | |a Thử tìm hiểu ảnh hưởng của luật " Người cày có ruộng " vào nền hành chính địa phương [ của Việt Nam Cộng Hòa ] | |
| 245 | 0 | |c Nguyễn Phú Thọ | |
| 904 | |i Nguyễn Quang Điền, 981013 | ||
| 980 | |a Trung tâm Học liệu Trường Đại học Cần Thơ | ||